| 000 | 01513nam a22004097a 4500 | ||
|---|---|---|---|
| 001 | 392 | ||
| 003 | FISKH | ||
| 005 | 20230406095733.0 | ||
| 008 | 230406b cb ||||| |||| 00| 0 eng d | ||
| 020 | _a9781426308567 | ||
| 020 | _a1426308566 | ||
| 020 | _a9781426308550 (pbk.) | ||
| 020 | _a1426308558 (pbk.) | ||
| 035 | _a(OCoLC)ocn671703646 | ||
| 040 |
_aBTCTA _beng _cBTCTA _dOCO _dLF3 _dDLC _dFISKH |
||
| 042 | _alccopycat | ||
| 050 | 0 | 0 |
_aQL737.C23 _bM2747 2011 |
| 082 | 0 | 0 |
_a599.75/9 _223 |
| 100 | 1 | _aMarsh, Laura F. | |
| 245 | 1 | 0 |
_aCheetahs / _cLaura Marsh. |
| 260 |
_aWashington, D.C. : _bNational Geographic, _c2011. |
||
| 300 |
_a32 p. : _bcol. ill. ; _c24 cm. |
||
| 490 | 1 | _aNational Geographic kids. Level 2 | |
| 505 | _aK | ||
| 520 | _aPresents the life of cheetahs, including where they live, what they eat, and how they care for their young. | ||
| 521 | 8 |
_a580
_bLexile |
|
| 521 | 8 |
_aK
_bRaz-Plus |
|
| 650 | 0 |
_aCheetah _vJuvenile literature. |
|
| 650 | 1 | _aCheetah. | |
| 650 | 7 |
_aCheetahs. _2sears |
|
| 830 | 0 |
_aNational Geographic readers. _nLevel 2. |
|
| 856 | 4 | 2 |
_3Publisher description _uhttp://www.loc.gov/catdir/enhancements/fy1201/2011284021-d.html |
| 856 | 4 | 2 |
_3Contributor biographical information _uhttp://www.loc.gov/catdir/enhancements/fy1212/2011284021-b.html |
| 906 |
_a7 _bcbc _ccopycat _d2 _encip _f20 _gy-gencatlg |
||
| 942 |
_2ddc _cBK _n0 |
||
| 999 |
_c392 _d392 |
||